000 00495nam a2200169Ia 4500
003 IN-BaIIA
008 211028s9999 xx 000 0 eng d
040 _cIIA Library
080 _a52
_bMIT
100 _aMitton, Jacqeline
_911023
245 0 _aAstronomy
_ban introduction
_cJacqeline Mitton
260 _aLondon
_bFaber and Faber
_c1978
300 _a148p.
650 _aAstrono
_911024
650 _aAstronomy and astrophysics thesaurus
942 _cBK
999 _c6422
_d6422